Statistics for NHL Teams that have won the Stanley Cup since 2000

Click here to take the quiz!

General Stats

  • This quiz has been taken 309 times
  • The average score is 12 of 15

Answer Stats

HintAnswer% Correct
2015Chicago BlackHawks
98%
2014Los Angeles Kings
97%
2013Chicago Blackhawks
94%
2012Los Angeles Kings
92%
2011Boston Bruins
89%
2010Chicago Blackhawks
89%
2009Pittsburgh Penguins
88%
2008Detroit Redwings
84%
2006Carolina Hurricanes
80%
2007Anaheim Ducks
79%
2004Tampa Bay Lightning
71%
2001Colorado Avalanche
70%
2002Detroit Redwings
68%
2000New Jersey Devils
67%
2003New Jersey Devils
66%

Score Distribution

Percentile by Number Answered

Percent of People with Each Score

Your Score History

You have not taken this quiz